Postwar fiscal requirements : federal, state, and local /

Bibliographic Details
Main Author: Kimmel, Lewis H. (Lewis Henry), 1899-1969
Corporate Author: Brookings Institution
Other Authors: Lee, Adah L., Maroney, Mildred
Format: Book
Language:English
Published: Washington, D.C. : The Brookings institution, 1945.
Subjects:

MARC

Tag First Indicator Second Indicator Subfields
LEADER 00000cam a2200000 4500
001 in00000063273
005 20151008051730.0
008 740104s1945 dcu b 00000 eng u
010 |a  45007002  
035 |a (OCoLC)00770640 
035 |9 AAG9675AM 
040 |c OUN  |d TXA  |d UtOrBLW 
049 |a TXAM  |c [129602] 
050 0 0 |a HJ7539  |b .K5 
092 |a 336.73  |b K49p 
100 1 |a Kimmel, Lewis H.  |q (Lewis Henry),  |d 1899-1969. 
245 1 0 |a Postwar fiscal requirements :  |b federal, state, and local /  |c by Lewis H. Kimmel and associates, Adah L. Lee [and] Mildred Maroney. 
264 1 |a Washington, D.C. :  |b The Brookings institution,  |c 1945. 
300 |a viii, 166 pages :  |b diagrams ;  |c 24 cm. 
336 |a text  |b txt  |2 rdacontent 
337 |a unmediated  |b n  |2 rdamedia 
338 |a volume  |b nc  |2 rdacarrier 
504 |a Bibliographical foot-notes. 
651 0 |a United States  |x Appropriations and expenditures. 
700 1 |a Lee, Adah L. 
700 1 |a Maroney, Mildred. 
710 2 |a Brookings Institution. 
999 |a MARS 
999 f f |s 7afea1f8-65bb-3486-b5dc-7cc869dadb60  |i c880a862-e248-30d6-b83b-7d44cb25e139  |t 0 
952 f f |p ric  |a Texas A&M University  |b Rellis Campus  |c Joint Library Facility  |d Remote Storage  |t 0  |e HJ7539 .K5  |h Library of Congress classification  |i unmediated -- volume  |m A14800752060 
998 f f |a HJ7539 .K5  |t 0  |l Remote Storage